| 000 | 00000nas 2200000za 4500 |
| 001 | 9.505592 |
| 003 | CaOODSP |
| 005 | 20221107133513 |
| 007 | cr ||||||||||| |
| 008 | 150406d19912002onc x m o f| a0eng|d |
| 040 | |aCaOODSP|beng |
| 043 | |an-cn--- |
| 086 | 1 |aJS5-1E-PDF |
| 245 | 00|aAboriginal peoples collection |h[electronic resource]. |
| 260 | |aOttawa : |bSolicitor General Canada, |c1991-2002. |
| 310 | |aIrregular |
| 362 | 0 |aAPC 1 CA-APC 22 CA |
| 500 | |aIssued also in French under title: Collection sur les Autochtones. |
| 710 | 1 |aCanada. |bSolicitor General Canada. |
| 775 | 08|tCollection sur les Autochtones |w(CaOODSP)9.501991 |
| 776 | 0#|tAboriginal peoples collection |w(CaOODSP)9.509442 |
| 776 | 0#|tAboriginal peoples collection |w(CaOODSP)9.514749 |
| 785 | 00|tAboriginal peoples collection |w(CaOODSP)9.506615 |